000
00357nam a2200133Ia 4500
008
151001s9999||||xx |||||||||||||| ||und||
100
_a
पु ग सहस्त्रबुद्धे
245
_a
इहवादी शासन
250
_a
1
260
_b
केशरी प्रकाशन
260
_c
1970
300
_a
327
365
_b
21
999
_c
957934
_d
957931